000 01105cam a2200301 a 4500
001 000007654
003 DO-SdBNP
005 20250602113834.0
008 940802s1993 ck b 001 e spa
020 _a9586121585
040 _aDO-SdBNP
_cDLC
082 _a864.44
_bB265l
100 1 _aBarona Becerra, Guido.
_921228
245 1 0 _aLegitimidad y sujeción :
_blos paradigmas de la "invención de América" /
_cGuido Barona Becerra.
260 _aSantafé, Bogotá :
_bColcultura,
_c1993.
300 _a129 p. ;
_c20 cm.
490 1 _aPremios nacionales '93
490 1 _aEnsayo
504 _aIncluye referencias bibliográficas: (p. 123-129).
586 _aPremio nacional de ensayo, 1993
651 0 _aAmérica del Sur
_xHistoria
_yGuerras de Independencia, 1806-1830
_vEnsayo, conferencias, etc.
_94537
651 4 _aAmérica Latina
_xHistoria
_y1600
_921230
651 0 _aAmérica Latina
_xRelaciones Raciales
_921231
740 0 _aParadigmas de la "invencion de America."
830 0 _aPremios nacionales '93,
_pensayo.
_921232
910 _aCatalogación por copia / LC
942 _2ddc
_cLBS1
999 _c7434
_d7434